[Event "NLD-chT9596"]
[Site "?"]
[Date "1995.??.??"]
[Round "?"]
[White "Tonoli, Walter"]
[Black "Spaan, Martijn"]
[Result "0-1"]
[WhiteElo "2285"]
[BlackElo "2315"]

1.c4 e5 2.g3 Nf6 3.Bg2 d5 4.cxd5 Nxd5 5.Nf3 Nc6 6.O-O Nb6 7.b3 g6 8.Nc3 Bf5
9.d3 Qd7 10.Ne4 Be7 11.Bb2 f6 12.Qc1 O-O-O 13.Nc5 Bxc5 14.Qxc5 Bh3 15.Rac1 h5
16.Kh1 h4 17.Bxh3 Qxh3 18.gxh4 Rxd3 19.Rg1 Rd5 20.Qc2 Qf5 21.Rxg6 Rd1+ 22.Qxd1 Qxg6
23.Qc2 e4 24.Rg1 Qh7 25.Bxf6 exf3 26.Qxh7 Rxh7 27.Rg8+ Kd7 28.exf3 Nd5 29.Bg5 Nde7
30.Rf8 Ng6 31.Rf6 Nxh4 32.f4 Nd4 33.Bxh4 Rxh4 34.Kg2 Ke7 35.Kg3 Kxf6 36.Kxh4 Kf5
37.Kg3 Ne2+ 38.Kf3 Nxf4 39.Ke3 Ne6 40.Kd3 Kf4 41.Kc4 c6 42.b4 Kg4 43.a4 b6
44.a5 Kh3 45.axb6 axb6 46.Kd3 Kxh2 47.Ke4 Kh3 48.Ke5 Nd8 49.Kd6 Kg4 50.Kc7 c5  0-1

[Event "Novgorod op"]
[Site "Novgorod"]
[Date "1995.??.??"]
[Round "1"]
[White "Makarov, Marat"]
[Black "Ilinsky, Vladimir"]
[Result "1-0"]
[WhiteElo "2520"]
[BlackElo "2355"]

1.c4 e5 2.g3 d6 3.Bg2 f5 4.d4 Nc6 5.dxe5 dxe5 6.Bxc6+ bxc6 7.Qxd8+ Kxd8 8.Nf3 e4
9.Ne5 Ke8 10.Nxc6 Bc5 11.Nc3 Bd7 12.Ne5 Bd4 13.Nxd7 Bxc3+ 14.bxc3 Kxd7 15.Be3 Nf6
16.Bd4 Ke6 17.O-O Rhb8 18.Rfb1 a6 19.Rb3 g6 20.Rab1 Nd7 21.f3 exf3 22.exf3 Kd6
23.Kf2 Re8 24.Re1 Kc6 25.Ra3 a5 26.Rb3 Nc5 27.Rb5 Nd7 28.a4 Nb6 29.Rc5+ Kb7
30.Rb1 Re6 31.Rcb5 Ka6 32.Bxb6 Rxb6 33.Rxb6+ cxb6 34.c5 bxc5 35.Re1 Rb8 36.h4 Rb3
37.Re6+ Kb7 38.Re7+ Kc6 39.Rxh7 Kd5 40.Rh6 Rb6 41.Ke3 Rb3 42.Rxg6 Rxc3+ 43.Kf4 c4
44.h5 Rc1 45.Rg8 Rh1 46.Kg5 Rh3 47.g4 Rxf3 48.h6 fxg4 49.h7 Rh3 50.h8=Q Rxh8
51.Rxh8 c3 52.Kf4 g3 53.Ke3 Kc4 54.Rc8+ Kb3 55.Kd3 g2 56.Rxc3+ Kxa4 57.Rc1 Kb3
58.Rb1+ Ka2 59.Kc2 a4 60.Rg1 a3 61.Rxg2 Ka1 62.Kb3  1-0

[Event "Novgorod op"]
[Site "Novgorod"]
[Date "1995.??.??"]
[Round "7"]
[White "Makarov, Marat"]
[Black "Korneev, Oleg"]
[Result "1/2-1/2"]
[WhiteElo "2520"]
[BlackElo "2540"]

1.c4 e5 2.g3 Nf6 3.Bg2 Nc6 4.Nc3 Bc5 5.d3 O-O 6.Nf3 d6 7.O-O a6 8.e3 h6 9.b3 Ba7
10.Bb2 Bf5 11.h3 Qd7 12.Kh2 Nh7 13.Nd5 Be6 14.Ng1 Rae8 15.Rc1 Ne7 16.Nxe7+ Qxe7
17.Qd2 c6 18.d4 exd4 19.Bxd4 Bxd4 20.exd4 d5 21.c5  1/2-1/2

[Event "CRO-chT2"]
[Site "Opatija"]
[Date "1995.??.??"]
[Round "?"]
[White "Ruck, Robert"]
[Black "Zelic, Mladen"]
[Result "1/2-1/2"]
[WhiteElo "2460"]
[BlackElo "2330"]

1.c4 e5 2.g3 Nc6 3.Bg2 f5 4.Nc3 Nf6 5.e3 d6 6.Nge2 g6 7.d4 Bg7 8.b3 O-O 9.dxe5 dxe5
10.Ba3 Re8 11.Bxc6 bxc6 12.Qxd8 Rxd8 13.Na4 f4  1/2-1/2

[Event "CRO-chT2"]
[Site "Opatija"]
[Date "1995.??.??"]
[Round "?"]
[White "Sulava, Nenad"]
[Black "Susak, Zeljko"]
[Result "1-0"]
[WhiteElo "2420"]
[BlackElo "2270"]

1.c4 e5 2.g3 Nc6 3.Bg2 Nf6 4.Nc3 Bc5 5.e3 O-O 6.Nge2 d6 7.d4 Bb6 8.O-O Bg4
9.h3 Bd7 10.Kh2 a6 11.b3 Rb8 12.dxe5 dxe5 13.Ba3 Re8 14.g4 h6 15.Ng3 Ne7
16.Qd3 Ng6 17.Nf5 Bxf5 18.Qxd8 Rexd8 19.gxf5 Nf8 20.Be7 Rd7 21.Bxf6 gxf6
22.Rad1 c6 23.Ne4 Kg7 24.Bf3 Rxd1 25.Rxd1 Nh7 26.Rd7 Nf8 27.Rd1 Nh7 28.c5 Bd8
29.Bh5 Be7 30.Rd7 Kf8 31.Nd6 Ng5 32.h4 Bxd6 33.cxd6 Ne4 34.Rxf7+ Kg8 35.d7 Rd8
36.Re7 Nd6 37.Re8+  1-0

[Event "HUN-ch U20"]
[Site "Paks"]
[Date "1995.??.??"]
[Round "?"]
[White "Juhasz, Laszlo"]
[Black "Lehmann, Zoltan"]
[Result "0-1"]
[WhiteElo "2135"]
[BlackElo "2340"]

1.c4 e5 2.g3 d6 3.Bg2 f5 4.Nc3 Nf6 5.e3 c6 6.d4 e4 7.Nge2 Be7 8.Nf4 Na6 9.h4 O-O
10.Rb1 Nc7 11.d5 c5 12.Bf1 Ng4 13.Be2 Ne5 14.b3 Bf6 15.Bb2 g6 16.Qc2 a6 17.a4 b6
18.Kf1 Bd7 19.Ba1 Qe8 20.Qa2 b5 21.Ke1 h6 22.Kd2 b4 23.Nd1 Qf7 24.Nb2 g5
25.hxg5 hxg5 26.Ng2 Qg7 27.Rbf1 Kf7 28.Qb1 Rh8 29.Kc2 Rxh1 30.Rxh1 Rh8 31.Qg1 Rh6
32.Kb1 Qh7 33.Rxh6 Qxh6 34.Nd1 Ke7 35.Bb2 Bg7 36.Ka2 Be8 37.Kb1 Na8 38.Bc1 Nb6
39.Nb2 Nbd7 40.Kc2 Bg6 41.Ne1 Nf6 42.Nd1 Nfg4 43.Kd2 Qh8 44.Kc2 Bf6 45.Kd2 Nh2
46.Qg2 Neg4 47.Qh1 Bc3+ 48.Kc2 Nf3 49.Bxf3 Qxh1 50.Bxh1 Bxe1 51.f4 exf3 52.Bxf3 Ne5  0-1

[Event "Pardubice op"]
[Site "Pardubice"]
[Date "1995.??.??"]
[Round "?"]
[White "Vaulin, Alexander"]
[Black "Biolek, Richard"]
[Result "1/2-1/2"]
[WhiteElo "2490"]
[BlackElo "2415"]

1.c4 e5 2.g3 Nf6 3.Bg2 d5 4.cxd5 Nxd5 5.Nc3 Nb6 6.Nf3 Nc6 7.a3 Be7 8.b4 Be6
9.Rb1 f6 10.O-O a5 11.b5 Nd4 12.d3 a4 13.Nd2 Ra7 14.e3 Nb3 15.Nxb3  1/2-1/2

[Event "Pardubice op"]
[Site "Pardubice"]
[Date "1995.??.??"]
[Round "?"]
[White "Shushpanov, Vladimir"]
[Black "Bagaturov, Giorgi"]
[Result "1/2-1/2"]
[WhiteElo "2375"]
[BlackElo "2465"]

1.c4 e5 2.g3 d6 3.Bg2 g6 4.Nc3 Bg7 5.Nf3 f5 6.d3 Nf6 7.O-O Nc6 8.Rb1 h6 9.b4 O-O
10.b5 Ne7 11.a4 Be6 12.Ba3 Rc8 13.c5 b6 14.cxd6 cxd6 15.Qd2 g5 16.Rfc1 Qd7
17.Nd1 f4 18.Rxc8 Rxc8 19.Rc1 Rd8 20.Nc3 Nf5 21.e4 fxe3 22.fxe3 g4 23.Ne1 d5
24.Nd1 h5 25.Qf2 d4 26.Bc6 Qf7 27.e4 Ne7 28.Bb7 Ng6 29.Bc6 Bf8 30.Nc2 Bxa3
31.Nxa3 Qe7 32.Nc4 Nh7 33.Bd5 Rf8 34.Qa2 Bxd5 35.exd5 Qf7 36.Nf2 Qxd5 37.Ne4 Nf6
38.Re1 Nxe4 39.Rxe4 Kg7 40.Qe2 Rf5 41.Qe1 Qc5 42.Re2 Qe7 43.Re4 Qg5 44.Qe2 Kf6
45.Kg2 Rf3 46.Nd2 Re3 47.Rxe3 Qxe3 48.Ne4+ Kf5 49.Qc2 Qf3+ 50.Kg1 Qe3+ 51.Kg2 Ne7
52.Qc4 Qf3+ 53.Kg1 Qe3+  1/2-1/2

[Event "Pardubice op"]
[Site "Pardubice"]
[Date "1995.??.??"]
[Round "?"]
[White "Vaulin, Alexander"]
[Black "Pribyl, Josef"]
[Result "1/2-1/2"]
[WhiteElo "2490"]
[BlackElo "2405"]

1.g3 e5 2.c4 Nc6 3.Bg2 g6 4.Nc3 Bg7 5.e3 d6 6.Nge2 h5 7.d4 h4 8.d5 Nce7 9.e4 Nf6
10.Bg5 Nd7 11.Qd2 a5 12.Na4 b6 13.Nec3 Nc5 14.Nxc5 bxc5 15.Nb5 a4 16.O-O f6
17.Be3 Bd7 18.b4 cxb4 19.Qxb4 Bh6 20.Bxh6 Rxh6 21.c5 Bxb5 22.Qxb5+ Kf7 23.Rab1 f5
24.Rfc1 h3 25.Bf3 Rh8 26.a3 Kf6 27.Rb4 Qb8 28.Qf1 Qa7 29.Rbc4 Rab8 30.Bd1 Rb5
31.cxd6 cxd6 32.Bxa4 Rb2 33.R1c2  1/2-1/2

[Event "Paris op"]
[Site "Paris"]
[Date "1995.??.??"]
[Round "?"]
[White "Foisor, Cristina Adela B"]
[Black "Korneev, Oleg"]
[Result "1/2-1/2"]
[WhiteElo "2375"]
[BlackElo "2540"]

1.c4 e5 2.g3 Nf6 3.Bg2 Nc6 4.Nc3 Bc5 5.e3 d5 6.cxd5 Nb4 7.d4 exd4 8.exd4 Be7
9.Nge2 Nbxd5 10.O-O Be6 11.Nf4 Nxf4 12.Bxf4 c6 13.Be5 O-O 14.Bxf6 Bxf6 15.d5 cxd5
16.Nxd5 Bxd5 17.Qxd5 Qxd5 18.Bxd5 Rfd8 19.Rad1 Rd7 20.Rd2 h5 21.Rfd1 Re8
22.Kg2 g6 23.Bf3 Rxd2 24.Rxd2 Re7 25.b3 Kg7 26.h4 Rc7 27.Bd5 b5 28.a4 bxa4
29.bxa4 Be7 30.Rb2 Rd7 31.Bc6 Rc7 32.Bd5 Rd7 33.Bc6  1/2-1/2

[Event "Paris op"]
[Site "Paris"]
[Date "1995.??.??"]
[Round "?"]
[White "Manouck, Thierry"]
[Black "Ikonnikov, Vyacheslav"]
[Result "0-1"]
[WhiteElo "2320"]
[BlackElo "2555"]

1.c4 e5 2.g3 d6 3.Nc3 Nf6 4.Bg2 Be7 5.d3 O-O 6.Nh3 c6 7.f4 Na6 8.O-O Bxh3
9.Bxh3 exf4 10.gxf4 d5 11.cxd5 cxd5 12.d4 Nc7 13.e3 Bb4 14.Ne2 Qe7 15.a3 Ba5
16.Ng3 g6 17.Qd3 Nce8 18.b4 Bb6 19.a4 Nd6 20.b5 Rfe8 21.Ba3 Ba5 22.Rf2 Rad8
23.Re2 h5 24.Rc1 Qf8 25.Bg2 Qh6 26.Bxd6 Rxd6 27.Nh1 Qf8 28.Qa3 Rde6 29.Qb3 Qe7
30.Nf2 Rxe3 31.Rxe3 Qxe3 32.Qxe3 Rxe3 33.Rc8+ Kg7 34.Rb8 Bb6 35.Rxb7 Bxd4
36.Kf1 Ra3 37.f5 Ra1+  0-1

[Event "Polanica Zdroj op"]
[Site "Polanica Zdroj"]
[Date "1995.??.??"]
[Round "3"]
[White "Blaszczuk, Zygmunt"]
[Black "Bernard, Ryszard"]
[Result "1-0"]
[WhiteElo "2175"]
[BlackElo "2350"]

1.c4 e5 2.g3 Nc6 3.Bg2 g6 4.Nc3 Bg7 5.e3 d6 6.Nge2 Nge7 7.O-O h5 8.h4 O-O
9.e4 Bg4 10.f3 Bd7 11.d3 Qc8 12.Kh2 a6 13.Bg5 f6 14.Be3 f5 15.Bg5 Rf7 16.Qd2 Qf8
17.Rac1 Rc8 18.Bh3 Kh7 19.b4 Ng8 20.Bg2 Nd8 21.d4 Ne6 22.dxe5 Nxg5 23.hxg5 dxe5
24.Nd5 Be6 25.f4 Rd8 26.Qe1 c6 27.Ne3 fxe4 28.Bxe4 Ne7 29.Ng2 Nf5 30.Ng1 Bc8
31.Nf3 exf4 32.Nxf4 Re8 33.Rc2 Rxe4 34.Qxe4 Re7 35.Qd3 Re3 36.Qd2 Nxg3 37.Kxg3 h4+
38.Kf2 Re4 39.Ne2 Bg4 40.Rc3 Bxc3 41.Qxc3 Qe7 42.Re1 Qc7 43.Qf6 Bxf3 44.Kxf3 Re5
45.Kg2 Rf5 46.Qe6 Rxg5+ 47.Kh1 Re5 48.Qg4 Qf7 49.Rg1 Rf5 50.Rg2 b5 51.cxb5 axb5
52.Kh2  1-0

[Event "Policka op"]
[Site "Policka"]
[Date "1995.??.??"]
[Round "3"]
[White "Vaulin, Alexander"]
[Black "Bagaturov, Giorgi"]
[Result "1/2-1/2"]
[WhiteElo "2510"]
[BlackElo "2460"]

1.c4 e5 2.g3 d6 3.Nc3 g6 4.d4 Nd7 5.Bg2 Bg7 6.Nf3 Ngf6 7.O-O O-O 8.e4 exd4
9.Nxd4 Re8 10.h3 Nc5 11.Re1 Bd7 12.Bf4 h6 13.b3 a6 14.Qc2 Qc8 15.Kh2 Rb8
16.Rad1 b5 17.b4 Ne6 18.Nxe6 Bxe6 19.cxb5 axb5 20.Bf1 Bc4 21.Bxc4 bxc4 22.a3 Qa6
23.Bc1 Re6 24.f3 Rbe8 25.Ne2 Nxe4 26.Nf4 Ng5 27.Rf1 Re5 28.h4 Ne6 29.Ng2 g5
30.hxg5 hxg5 31.Bb2 c3 32.Bxc3 Re2 33.Qd3 Qxd3 34.Rxd3 Ra2 35.Bxg7 Nxg7 36.Kh3 Ree2
37.Ne3 f5 38.Rh1 c6 39.f4 gxf4 40.gxf4 Ne6 41.Kg3 d5 42.Rg1 Ng7 43.Ng2 Nh5+
44.Kh4 Rxg2 45.Rxg2+ Rxg2 46.Kxh5  1/2-1/2

[Event "Prague Bohemians"]
[Site "Prague"]
[Date "1995.??.??"]
[Round "2"]
[White "Thoma, Robert"]
[Black "Gaertner, Guntram"]
[Result "1/2-1/2"]
[WhiteElo "2285"]
[BlackElo "2325"]

1.g3 e5 2.c4 Nf6 3.Nc3 c6 4.Bg2 d5 5.cxd5 cxd5 6.d3 Nc6 7.Nf3 Be7 8.O-O O-O
9.d4 e4 10.Ne5 Ng4 11.Nxc6 bxc6 12.h3 Nf6 13.Be3 Ne8 14.Rc1 Nd6 15.Bf4 Nf5
16.g4 Nh4 17.f3 f5 18.fxe4 fxe4 19.Qd2 h5 20.gxh5 Qd7 21.Bg5 Nxg2 22.Bxe7 Qxe7
23.Rxf8+ Qxf8 24.Rf1 Qe7 25.Kxg2 Qh4 26.Qe3 Qxh5 27.Qg3 Bf5 28.e3  1/2-1/2

[Event "ISL-ch"]
[Site "Reykjavik"]
[Date "1995.??.??"]
[Round "9"]
[White "Fridjonsson, Julius"]
[Black "Vidarsson, Jon G"]
[Result "1-0"]
[WhiteElo "2210"]
[BlackElo "2325"]

1.g3 e5 2.c4 Nf6 3.Bg2 Nc6 4.Nf3 Bc5 5.O-O d6 6.Nc3 O-O 7.d3 a5 8.a3 Re8
9.Rb1 h6 10.Ne1 Ne7 11.b4 axb4 12.axb4 Bd4 13.Bb2 d5 14.e3 Bg4 15.Bf3 Bxc3
16.Bxc3 Bh3 17.Bg2 Bxg2 18.Kxg2 Ng6 19.Ra1 dxc4 20.dxc4 Qxd1 21.Rxd1 Ne4
22.Ba1 Ra4 23.Nd3 f6 24.f3 Nd6 25.Rc1 Rea8 26.Bb2 e4 27.fxe4 Nxe4 28.Ra1 Nd2
29.Rxa4 Rxa4 30.Rc1 Ra2 31.Rc2 Ne4 32.Kf3 Ng5+ 33.Ke2 Ne5 34.Nxe5 fxe5 35.Kd3 e4+
36.Kd4 Ra8 37.h4 Rd8+ 38.Ke5 Re8+ 39.Kf5 Nf3 40.Rc1 Nd2 41.Be5 Re7 42.h5 Kf7
43.Rc2 Nf3 44.Bf4 Ke8 45.b5 Ne1 46.Rc3 Nd3 47.c5 c6 48.Bd6 Rf7+ 49.Kxe4 Nf2+
50.Kd4 Rf5 51.e4 Rxh5 52.Rf3 Ng4 53.Rf8+ Kd7 54.Rf7+ Kc8 55.Rc7+ Kd8 56.Rxb7 cxb5
57.c6 Ke8 58.Re7+  1-0

[Event "Andalucia-ch"]
[Site "Rincon de La Victoria"]
[Date "1995.??.??"]
[Round "4"]
[White "Diez Gonzalez, Pedro M"]
[Black "Manrique Alamos, Antonio"]
[Result "1-0"]
[WhiteElo "2235"]
[BlackElo "2200"]

1.c4 e5 2.g3 d6 3.Bg2 Nc6 4.Nc3 Be6 5.Nd5 Qd7 6.e4 g6 7.Ne2 Bg7 8.d3 Nd8
9.f4 c6 10.Ne3 Ne7 11.d4 exf4 12.Nxf4 Qc7 13.d5 cxd5 14.exd5 Bd7 15.O-O O-O
16.Qb3 b6 17.Bd2 Nb7 18.Bc3 Nc5 19.Qa3 Nf5 20.Nxf5 Bxf5 21.Bxg7 Kxg7 22.Nh5+ gxh5
23.Qc3+ f6 24.Rxf5 Qf7 25.Qf3 Nd7 26.Qf4 Ne5 27.Bf3 Nxf3+ 28.Qxf3 Rae8 29.Rxh5 Qe7
30.Rf1 Qe3+ 31.Qxe3 Rxe3 32.Rhf5 Re2 33.R5f2 Re5 34.b3 Re3 35.Rf3 Re2 36.R1f2 Re1+
37.Kg2 Rf7 38.Rf5 Kg6 39.R5f4 Rf8 40.Kf3 Rfe8 41.Kg2 Rf8 42.g4 Rf7 43.Rf5 h6
44.h3 Re3 45.Rc2 Rfe7 46.Rf3 Re1 47.Rcf2 Rf7 48.Rc3 Re5 49.b4 Rc7 50.Rd2 Kf7
51.Kf3 Rc8 52.Rcc2 Re1 53.Re2 Rd1 54.Re6 Rxd5 55.cxd5 Rxc2 56.Rxd6 Rxa2 57.Rd7+ Ke8
58.Rh7 a5 59.bxa5 bxa5 60.Ke4 Re2+ 61.Kf5 Re7 62.Rxh6 Rd7 63.Ke6 Rf7 64.d6 Rf8
65.Rh7 Kd8 66.Ra7 Re8+ 67.Kxf6 Re3 68.h4 Rd3 69.Rxa5 Rxd6+ 70.Kg5  1-0

[Event "Andalucia-ch"]
[Site "Rincon de La Victoria"]
[Date "1995.??.??"]
[Round "7"]
[White "Castillo Gallego, Sergio"]
[Black "Bernabe Duran, Francisco"]
[Result "0-1"]
[WhiteElo "2095"]
[BlackElo "2120"]

1.c4 e5 2.g3 Nf6 3.Bg2 Nc6 4.Nc3 g6 5.e3 Bg7 6.Nge2 d6 7.O-O O-O 8.d3 Bd7
9.Rb1 Qc8 10.Re1 Bh3 11.Bh1 a6 12.b4 Ne7 13.a4 Nd7 14.Ne4 h6 15.f3 Be6 16.Nf2 d5
17.Qc2 dxc4 18.dxc4 a5 19.b5 Re8 20.Rd1 Bf8 21.Ne4 f5 22.Nd2 c6 23.Ba3 cxb5
24.axb5 Nd5 25.Qb3 Nb4 26.f4 Qc7 27.Bb2 Bg7 28.Ba3 Bf8 29.Rbc1 Nc5 30.Qc3 Na2
31.Qc2 Nxc1 32.Rxc1 Rad8 33.Nc3 Rxd2 34.Qxd2 Nb3 35.Nd5 Qf7 36.Qb2 Nxc1 37.Qxc1 e4
38.Qd2 Bxd5 39.cxd5 Rd8 40.Qxa5 Qxd5  0-1

[Event "Rishon Le Ziyyon YM"]
[Site "Rishon Le Ziyyon"]
[Date "1995.??.??"]
[Round "5"]
[White "Davies, Nigel R"]
[Black "Har Zvi, Ronen"]
[Result "1/2-1/2"]
[WhiteElo "2530"]
[BlackElo "2500"]

1.g3 e5 2.c4 g6 3.d4 d6 4.dxe5 dxe5 5.Qxd8+ Kxd8 6.Bg2 c6 7.Nc3 Be6 8.b3 Nd7
9.Nf3 f6 10.O-O Nh6 11.Bb2 Nf7 12.Nd2 h5 13.Rfd1 h4 14.Rac1 hxg3 15.hxg3 Ke8
16.e3 Rd8 17.Nf3  1/2-1/2

[Event "Rishon Le Ziyyon YM"]
[Site "Rishon Le Ziyyon"]
[Date "1995.??.??"]
[Round "9"]
[White "Davies, Nigel R"]
[Black "Kogan, Artur"]
[Result "0-1"]
[WhiteElo "2530"]
[BlackElo "2465"]

1.c4 e5 2.g3 Nc6 3.Bg2 Nf6 4.Nc3 g6 5.e3 Bg7 6.Nge2 O-O 7.O-O Re8 8.d3 Ne7
9.e4 c6 10.Qb3 d6 11.h3 Nd7 12.Be3 Nc5 13.Qd1 Be6 14.b3 Qd7 15.Kh2 f5 16.Qd2 b6
17.Rad1 Rad8 18.Bg5 Rc8 19.Bh6 Bf6 20.f4 Rcd8 21.b4 Na6 22.a3 Kh8 23.Rfe1 Nc7
24.Ng1 exf4 25.Bxf4 Bg8 26.Nf3 Ne6 27.e5 dxe5 28.Bxe5 Bxe5 29.Rxe5 Nc8 30.Qe3 Nd6
31.Re1 f4 32.gxf4 Nf5 33.Rxf5 gxf5 34.Ne5 Qd4 35.Qxd4 Nxd4 36.Rg1 Re7 37.a4 Rg7
38.b5 c5 39.Ra1 Nc2 40.Ra2 Ne3 41.Bc6 Nf1+ 42.Kh1 Ng3+ 43.Kh2 Nf1+ 44.Kh1 Rd6
45.Rg2 Ng3+ 46.Kh2 Nh5 47.Rf2 Re6 48.Bd5 Re8 49.Bc6 Ree7 50.Nd5 Bxd5 51.Bxd5 h6
52.d4 cxd4 53.Nc6 Re1 54.Nxd4 Ng3 55.Bg2 Rc1 56.Rc2 Rh1+  0-1

[Event "San Luis Clarin GP"]
[Site "San Luis"]
[Date "1995.??.??"]
[Round "7"]
[White "Iglesias, Alejandro"]
[Black "Sieiro Gonzalez, Luis"]
[Result "0-1"]
[WhiteElo "2200"]
[BlackElo "2385"]

1.c4 e5 2.g3 f5 3.Bg2 Nf6 4.a3 d6 5.Nc3 g6 6.d3 Bg7 7.Nf3 O-O 8.O-O Nc6 9.Rb1 Be6
10.b4 h6 11.b5 Ne7 12.Bd2 g5 13.c5 Ng6 14.b6 axb6 15.cxd6 Qxd6 16.Nb5 Qd7
17.d4 e4 18.Ne5 Nxe5 19.dxe5 Nd5 20.f4 exf3 21.Rxf3 Bxe5 22.Rd3 c6 23.Nd4 Bxd4+
24.Rxd4 b5 25.Rd3 Rad8 26.a4 bxa4 27.Qxa4 Qg7 28.Bxd5 Bxd5 29.Bc3 Qe7 30.Qd4 Kh7
31.Re3 Be4 32.Qa7 Rf7 33.Rb2 f4 34.Bb4 Rd1+ 35.Kf2 fxg3+ 36.Kxg3  0-1

[Event "Santiago op"]
[Site "Santiago"]
[Date "1995.??.??"]
[Round "?"]
[White "Ruck, Robert"]
[Black "Boudenne, Jean"]
[Result "0-1"]
[WhiteElo "2460"]
[BlackElo "2240"]

1.c4 e5 2.g3 Nc6 3.Bg2 g6 4.Nc3 Bg7 5.e3 Nf6 6.Nge2 O-O 7.Rb1 Ne7 8.e4 c6
9.d3 d5 10.exd5 cxd5 11.Bg5 d4 12.Bxf6 Bxf6 13.Ne4 Bg7 14.O-O a5 15.a3 f5
16.Nc5 Qc7 17.b4 f4 18.Nc1 g5 19.Qh5 h6 20.Be4 g4 21.N1b3 axb4 22.axb4 Ra2
23.Ra1 Rxa1 24.Rxa1 b6 25.Na6 Qd6 26.b5 Qf6 27.Rf1 Nf5 28.Nd2 Ne3 29.fxe3 dxe3
30.Bd5+ Kh8 31.Ne4 Qe7 32.c5 e2 33.Re1 f3 34.cxb6 Bxa6 35.Qxg4 Qb4 36.Rxe2 fxe2
37.Qxe2 Qd4+ 38.Kg2 Bxb5 39.Bc4 Bxc4 40.dxc4 Qxb6 41.c5 Qc6 42.Qg4 Re8 43.h4 Rf8
44.Kh3 Qb5  0-1

[Event "Schwaebisch Gmuend op"]
[Site "Schwaebisch Gmuend"]
[Date "1995.??.??"]
[Round "?"]
[White "Reschke, Thomas"]
[Black "Zagorskis, Darius"]
[Result "1/2-1/2"]
[WhiteElo "2250"]
[BlackElo "2550"]

1.c4 e5 2.g3 c6 3.d4 exd4 4.Qxd4 d5 5.Nc3 Be6 6.cxd5 cxd5 7.Bg2 Nc6 8.Qa4 Nf6
9.Be3 Bb4 10.Nf3 Ne4 11.Rc1 O-O 12.O-O Nxc3 13.bxc3 Be7 14.Rfd1 Qa5 15.Qc2 Rac8
16.Nd4 Rfd8 17.Nxe6 fxe6 18.Bh3 Kf7 19.c4 d4 20.Qe4 Qe5 21.Rxd4 Rxd4 22.Qxe5 Nxe5
23.Bxd4 Nxc4 24.Bxa7 b6 25.Bb8 b5 26.Bf4  1/2-1/2

[Event "Siauliai"]
[Site "Siauliai"]
[Date "1995.??.??"]
[Round "11"]
[White "Bursteinas, Romanas"]
[Black "Buchman, E."]
[Result "1/2-1/2"]
[WhiteElo "2195"]
[BlackElo "2395"]

1.c4 e5 2.g3 Nc6 3.Nc3 g6 4.Bg2 Bg7 5.e3 d6 6.Nge2 Nge7 7.O-O O-O 8.d3 Bd7
9.Rb1 Qc8 10.Re1 Bh3 11.Bh1 f5  1/2-1/2

[Event "Asia-chT"]
[Site "Singapore"]
[Date "1995.??.??"]
[Round "7"]
[White "Barcenilla, Rogelio"]
[Black "Wang Zili"]
[Result "0-1"]
[WhiteElo "2455"]
[BlackElo "2525"]

1.c4 e5 2.g3 Nc6 3.Bg2 g6 4.Nc3 Bg7 5.e3 Nge7 6.Nge2 d6 7.d3 O-O 8.O-O Bg4
9.h3 Be6 10.Nd5 Qd7 11.Kh2 Nd8 12.d4 c6 13.Nxe7+ Qxe7 14.d5 Bd7 15.Bd2 c5
16.a4 f5 17.Nc3 e4 18.f4 exf3 19.Qxf3 Nf7 20.Rae1 Ne5 21.Qe2 h5 22.Rc1 h4
23.Be1 hxg3+ 24.Bxg3 g5 25.Kh1 a6 26.Bh2 Rf6 27.Rg1 Re8 28.Bf1 Nf7 29.Re1 Rh6
30.Qc2 Be5 31.b3 Kg7 32.Nd1 Bxh2 33.Kxh2 g4 34.Re2 Ng5 35.Qb2+ Qe5+ 36.Rg3 Nxh3
37.Qxe5+ Rxe5 38.Bxh3 f4 39.Kg1 fxg3 40.Bg2 Rf6 41.e4 Rf3 42.Re3 Rxe3 43.Nxe3 Re8  0-1

[Event "St Ingbert op"]
[Site "St Ingbert op"]
[Date "1995.??.??"]
[Round "6"]
[White "Sher, Miron N"]
[Black "Daudzvardis, Janis"]
[Result "1-0"]
[WhiteElo "2510"]
[BlackElo "2255"]

1.c4 e5 2.g3 Nc6 3.Bg2 f5 4.Nc3 Nf6 5.d3 Bb4 6.Bd2 a5 7.Nf3 d6 8.O-O O-O
9.Rc1 Bxc3 10.Bxc3 Qe8 11.e3 Qh5 12.Ne1 Qh6 13.Bd2 g5 14.f4 e4 15.Qe2 Bd7
16.Bc3 Rae8 17.Bxf6 Rxf6 18.d4 Ne7 19.Qf2 g4 20.Qd2 Ra8 21.Nc2 c6 22.Rfd1 Qf8
23.Bf1 h5 24.Na3 h4 25.Nb1 hxg3 26.hxg3 Rh6 27.Bg2 Qd8 28.Nc3 Be8 29.b3 Bf7
30.Kf2 Kg7 31.Qb2 d5 32.c5 Ng6 33.Na4 Nh4 34.Rh1 Nxg2 35.Kxg2 Rh3 36.Nb6 Rb8
37.Rxh3 gxh3+ 38.Kh2 Qh8 39.Qe2 Bh5 40.Qd2 Kh6 41.Qxa5 Rg8 42.Qe1 Bf3 43.Nd7 Ra8
44.a4 Bg4 45.Qb4 Ra7 46.Qb6 Qa8 47.Qc7 b5 48.Qd6+ Kg7 49.Qe7+ Kg8 50.Qg5+ Kf7
51.Ne5+ Kf8 52.Nxg4 fxg4 53.Qxg4 bxa4 54.bxa4 Rxa4 55.Qf5+ Kg7 56.Rb1 Ra2+
57.Kxh3 Kh6 58.Qf6+ Kh7 59.Qe7+ Kg6 60.Qd6+ Kh7 61.Rb8  1-0

[Event "Chigorin mem"]
[Site "St Petersburg"]
[Date "1995.??.??"]
[Round "8"]
[White "Vaulin, Alexander"]
[Black "Shchukin, Dmitry"]
[Result "1/2-1/2"]
[WhiteElo "2490"]
[BlackElo "2275"]

1.c4 e5 2.g3 Nf6 3.Bg2 d6 4.Nc3 Nbd7 5.e4 c6 6.Nge2 Be7 7.O-O a6 8.d4 O-O
9.d5 cxd5 10.Nxd5 Nxd5 11.Qxd5 Nc5 12.b3 Be6 13.Qd2 b5 14.cxb5 axb5 15.Bb2 Qb6
16.Bc3 Qb7 17.Qe3 b4 18.Bd2 Ra6 19.Nc1 Rfa8 20.Rb1 Bd7 21.Rb2 Bc6 22.f3 Ne6
23.Qf2 Bd8 24.Be3 Bb6 25.Rd1 Bxe3 26.Qxe3 Nd4 27.Ne2 Nb5 28.Nc1 Qa7 29.Qxa7 R8xa7
30.Bf1 Rb6 31.Bxb5 Bxb5 32.Rc2 Kf8 33.Kf2 Ke7 34.Ke3 Kd7 35.Nd3 Bxd3 36.Kxd3 Rba6
37.Rdd2 g5 38.h4 gxh4 39.g4 Ke6 40.Rh2 f6 41.Kc4  1/2-1/2

[Event "SWZ-chT"]
[Site "SWZ"]
[Date "1995.??.??"]
[Round "7"]
[White "Hirzel, Rene"]
[Black "Maier, Christian"]
[Result "0-1"]
[WhiteElo "2210"]
[BlackElo "2350"]

1.c4 e5 2.g3 Nc6 3.Bg2 h5 4.h4 Bc5 5.Nc3 d6 6.d3 Be6 7.Nf3 Nge7 8.a3 a5 9.Ng5 Bg4
10.Bd2 Ba7 11.Nd5 Nd4 12.f3 Bd7 13.f4 c6 14.Nc3 Bg4 15.Nge4 Nef5 16.fxe5 dxe5
17.c5 O-O 18.Bh3 b6 19.Bxg4 hxg4 20.Na4 b5 21.Nac3 b4 22.Na4 Rb8 23.Kf1 Qd5
24.Nf6+ gxf6 25.e4 Nxg3+ 26.Kg2 Nxe4  0-1

[Event "Tel Aviv ASA"]
[Site "Tel Aviv"]
[Date "1995.??.??"]
[Round "5"]
[White "Rechlis, Gad"]
[Black "Gofshtein, Leonid D"]
[Result "1/2-1/2"]
[WhiteElo "2500"]
[BlackElo "2465"]

1.c4 e5 2.g3 Nf6 3.Bg2 c6 4.d4 Bb4+ 5.Bd2 Bxd2+ 6.Qxd2 d6 7.dxe5 dxe5 8.Qxd8+ Kxd8
9.Nf3 Re8 10.Nc3 Kc7 11.O-O Na6 12.Rac1 Nc5 13.Ng5 Rf8 14.b4 h6 15.Nf3 Ncd7
16.Rfd1 Re8 17.Nd2 Nf8 18.b5 Bd7 19.Nb3 Rad8 20.bxc6 bxc6 21.h3 Ng6 22.c5 Be6
23.Na5 Rxd1+ 24.Rxd1 Ne7 25.Rb1 Rb8 26.Rxb8 Kxb8 27.Bxc6 Bxh3 28.e4 Be6 29.Ba4 Nd7
30.Bxd7 Bxd7 31.Nc4 Nc6 32.f3 Be6 33.Nd5 f5 34.Kf2 g5 35.a3 fxe4 36.fxe4 Kc8
37.Nb4 Nxb4 38.Nd6+ Kd7 39.axb4 Kc6 40.Ke3 h5 41.Ne8  1/2-1/2

[Event "Tel Aviv ASA"]
[Site "Tel Aviv"]
[Date "1995.??.??"]
[Round "6"]
[White "Rechlis, Gad"]
[Black "Sutovskij, Emil"]
[Result "1-0"]
[WhiteElo "2500"]
[BlackElo "2530"]

1.c4 e5 2.g3 Nc6 3.Bg2 f5 4.Nc3 Nf6 5.a3 d6 6.d3 g6 7.e3 Bg7 8.Nge2 O-O 9.O-O Be6
10.Qc2 Qd7 11.Nd5 Nd8 12.b4 c6 13.Nxf6+ Bxf6 14.Bb2 d5 15.cxd5 cxd5 16.Rac1 Nc6
17.b5 Ne7 18.f4 Qxb5 19.Bxe5 Nc6 20.Bxf6 Rxf6 21.Qc3 Rf7 22.Nd4 Qb6 23.Nxc6 bxc6
24.Rfe1 Rc8 25.Rb1 Qa6 26.d4 Re8 27.Qc5 Qc8 28.Rec1 Rc7 29.Rc3 Qd7 30.a4 Kf7
31.a5 Qe7 32.Rbc1 Rec8 33.Bf3 Bd7 34.Rb3 Qxc5 35.Rxc5 Ke7 36.Kf2 Kd6 37.Be2 Rh8
38.Rb1 Rcc8 39.Rcc1 Rb8 40.h3 Rxb1 41.Rxb1 Kc7 42.g4 Rb8 43.Rxb8 Kxb8 44.Kg3 Kc7
45.Kh4 h6 46.Bd3 Kb7 47.gxf5 Bxf5 48.Bxf5 gxf5 49.Kh5 Ka6 50.Kg6 Kxa5 51.Kxf5 Kb6
52.Kg6  1-0

[Event "JUG-chT"]
[Site "Tivat"]
[Date "1995.??.??"]
[Round "1"]
[White "Djuric, Stefan"]
[Black "Simic, Radoslav"]
[Result "1/2-1/2"]
[WhiteElo "2470"]
[BlackElo "2500"]

1.c4 e5 2.g3 Nf6 3.Bg2 Nc6 4.Nc3 Bb4 5.Nd5 Bc5 6.Nxf6+ Qxf6 7.e3 d6 8.Ne2 Bg4
9.O-O O-O 10.a3 a5 11.d3 Bf3 12.Bd2 Bxg2 13.Kxg2 Qe6 14.Nc3 Ne7 15.Qc2 c6
16.Rac1 d5 17.Na4 Bd6 18.f4 e4 19.c5 Bc7 20.dxe4 dxe4 21.Nc3 Rfd8 22.Nxe4 Qd5
23.Kg1 f5 24.Nd6 Bxd6 25.cxd6 Rxd6 26.Bc3 Rad8 27.e4 Qc4 28.Rf2 Rd3 29.Bxa5 Qxc2
30.Rfxc2 R8d7 31.e5 R7d5 32.Bb4 Kf7 33.e6+ Ke8 34.Kf2 Nc8 35.Re2 g6 36.Re5 Nd6
37.Kf1 Ne4 38.Rxd5 Rxd5 39.Ke2 c5 40.Bc3 Ke7 41.Ke3 Kxe6  1/2-1/2

[Event "P&V Cup"]
[Site "Tjalfe"]
[Date "1995.??.??"]
[Round "?"]
[White "Christensen, Tobias"]
[Black "Sylvan, Jacob"]
[Result "1-0"]
[WhiteElo "2375"]
[BlackElo "2225"]

1.g3 e5 2.c4 f5 3.Bg2 Nf6 4.d3 Nc6 5.Nc3 Bc5 6.e3 O-O 7.Nge2 f4 8.exf4 d6
9.Be3 exf4 10.Nxf4 Bxe3 11.fxe3 Ng4 12.Qd2 Nb4 13.O-O c6 14.Rae1 g5 15.Nh3 Ne5
16.Rxf8+ Qxf8 17.Nxg5 Nbxd3 18.Rf1 Qg7 19.Nf3 Be6 20.Nxe5 Nxe5 21.Qxd6 Bxc4
22.Rf5 Ng6 23.Bxc6 Rc8 24.Bd5+ Bxd5 25.Qxd5+ Kh8 26.Qd4 Qxd4 27.exd4 Kg7
28.Kf2 Ne7 29.Re5 Nc6 30.Re4 Kf6 31.Nd5+ Kf7 32.Ke3 Rd8 33.Nc3 Ne7 34.g4 Kf6
35.h3 Ng6 36.Kf3 Ne7 37.Rf4+ Kg7 38.Ke3 a6 39.Re4 Kf6 40.b4 Rd7 41.Re5 Nc6
42.Rf5+ Kg7 43.Rg5+ Kf7 44.Nd5 Rd8 45.Rf5+ Kg7 46.a3 Rd7 47.Kd3 Rd8 48.Kc4 Rd7
49.Kc5 Rd8 50.Rg5+ Kf7 51.Rh5 Kg7 52.Kb6 Rd6 53.Kxb7 Nxd4 54.Nc7 Nb3 55.Ne8+  1-0